000 00481cam a2200181 4500
001 B2850
008 090401t1989 xxu||||| |||| 00| 0 eng d
035 _a(Sirsi) u52531
041 _aeng
050 _a336.2424
110 _aBoard of Inland Revenue
_91066
245 _aCapital gains tax indexation allowance disposals after 5 April 1988
260 _aLondon
_bBoard of Inland Revenue
_c1989
300 _a17p. ; 21x10cm.
350 _a0
942 _n0
948 _c04/03/1997
999 _c93096
_d93096